00672nam a2200241 a 4500001001300000003000900013005001700022008004100039020001000080082001300090100002100103245002700124260003400151300000900185500003500194505001300229650002300242700002100265902000800286942000700294952011400301999001500415nice12345678IN_TiNIC20260116012344.0050524s1953 hyda grp 000 0 eng  ac10000a297bBUR aBurney, Md Elias aIslam Message of Quran aHyderabadbBaitus Salamc1953 a260p aincludes index and biblioraphy2 aAppendix aIslam-Meccan Trade1 aBurney, Md Elias bSRS cBK 001040708StackRoom-aHMIbHMId2007-07-27g100.00l0o297 BURp010962r2007-07-27v100.00w2005-05-24yBK c6681d6681